000 01311nam a2200205 a 4500
008 080109s1986 ||||||||||||||||| || u
050 _aQ 161.2 Kra
100 _aKrauskopf, Konrad B
245 1 4 _aThe Physical universe
250 _a5th ed.
260 _aNew York
_bMcGraw-Hill
_c1986
300 _axxi, 760p. : ill.
350 _a0.00
995 _aANNEX COLLECTION (Main Library)
_D0.00
_e725805
_FCBU-MAIN LIBRARY (Kitwe)
_H1
_I17.50
_jQ 161.2 Kra
_M4
_UAVAILABLE
_y011356
_ZAnnex Low-Usage Collection
995 _aMAIN LIBRARY OPEN ACCESS
_D0.00
_e725806
_FCBU-MAIN LIBRARY (Kitwe)
_H3
_I17.50
_jQ 161.2 Kra
_M1
_UAVAILABLE
_y011353
_ZMain Library Open Access Collection
995 _aMAIN LIBRARY OPEN ACCESS
_D0.00
_e725807
_FCBU-MAIN LIBRARY (Kitwe)
_H2
_I17.50
_jQ 161.2 Kra
_M3
_UAVAILABLE
_y011355
_ZMain Library Open Access Collection
995 _aTEXTBOOKS (CHEM.ENG.)
_D0.00
_e7238
_FCBU-SCHOOL TEXTBOOK COLLECTIONS
_H1
_I0.00
_jSCHOOL TEXTBOOK
_M5
_UAVAILABLE
_WSep 15, 2009
_y7238
_ZSchool Collections
995 _aANNEX COLLECTION (Main Library)
_D0.00
_e725808
_FCBU-MAIN LIBRARY (Kitwe)
_H1
_I17.50
_jQ 161.2 Kra
_M2
_UAVAILABLE
_y011354
_ZAnnex Low-Usage Collection
995 _aTEXTBOOKS (CHEM.ENG.)
_D0.00
_e7239
_FCBU-SCHOOL TEXTBOOK COLLECTIONS
_H1
_I0.00
_jSCHOOL TEXTBOOK
_M6
_UAVAILABLE
_WSep 15, 2009
_y7239
_ZSchool Collections
999 _c81896
_d81896